Men's Tennis World Number Ones in Order - Statistics

General Stats
  • This quiz has been taken 43 times
  • The average score is 63 of 110
Answer Stats
Date #1 Player % Correct
Apr 2, 2018 - May 13, 2018 Rafael Nadal
89%
Feb 3, 2020 - Mar 22, 2020 Novak Djokovic
85%
Jun 7, 2010 - Jul 3, 2011 Rafael Nadal
85%
Oct 7, 2013 - Jul 6, 2014 Rafael Nadal
85%
Aug 21, 2017 - Feb 18, 2018 Rafael Nadal
85%
May 21, 2018 - Jun 17, 2018 Rafael Nadal
85%
Jun 25, 2018 - Nov 4, 2018 Rafael Nadal
85%
Nov 4, 2019 - Feb 2, 2020 Rafael Nadal
85%
Jul 9, 2012 - Nov 4, 2012 Roger Federer
85%
Feb 19, 2018 - Apr 1, 2018 Roger Federer
85%
May 14, 2018 - May 20, 2018 Roger Federer
85%
Jun 18, 2018 - Jun 24, 2018 Roger Federer
85%
Sep 12, 2022 - Carlos Alcaraz
81%
Jul 4, 2011 - Jul 8, 2012 Novak Djokovic
81%
Nov 5, 2012 - Oct 6, 2013 Novak Djokovic
81%
Jul 7, 2014 - Nov 6, 2016 Novak Djokovic
81%
Nov 5, 2018 - Nov 3, 2019 Novak Djokovic
81%
Aug 24, 2020 - Feb 27, 2022 Novak Djokovic
81%
Mar 21, 2022 - Jun 12, 2022 Novak Djokovic
81%
Aug 18, 2008 - Jul 5, 2009 Rafael Nadal
81%
Feb 2, 2004 - Aug 17, 2008 Roger Federer
81%
Jul 5, 2009 - Jun 6, 2010 Roger Federer
81%
Nov 7, 2016 - Aug 20, 2017 Andy Murray
78%
Feb 28, 2022 - Mar 20, 2022 Daniil Medvedev
74%
Jun 13, 2022 - Sep 11, 2022 Daniil Medvedev
74%
Feb 19, 1996 - Mar 10, 1996 Pete Sampras
67%
Mar 29, 1999 - May 2, 1999 Pete Sampras
67%
Nov 6, 1995 - Jan 28, 1996 Pete Sampras
63%
Apr 15, 1996 - Mar 29, 1998 Pete Sampras
63%
Apr 27, 1998 - Aug 9, 1998 Pete Sampras
63%
Aug 24, 1998 - Mar 14, 1999 Pete Sampras
63%
Jun 14, 1999 - July 4, 1999 Pete Sampras
63%
Nov 3, 2003 - Feb 1, 2004 Andy Roddick
59%
Jul 9, 1979 - Mar 2, 1980 Bjorn Borg
59%
Mar 24, 1980 - Aug 10, 1980 Bjorn Borg
59%
Aug 18, 1980 - Jul 5, 1981 Bjorn Borg
59%
Aug 30, 1977 - Apr 8, 1979 Jimmy Connors
59%
Nov 1, 1982 - Nov 7, 1982 John McEnroe
59%
Apr 10, 1995 - Nov 5, 1995 Andre Agassi
56%
Jan 29, 1996 - Feb 11, 1996 Andre Agassi
56%
Jul 5, 1999 - Jul 25, 1999 Andre Agassi
56%
Apr 9, 1979 - May 20, 1979 Bjorn Borg
56%
Jul 20, 1981 - Aug 2, 1981 Bjorn Borg
56%
Aug 23, 1973 - Jun 2, 1974 Ilie Nastase
56%
Sep 9, 1985 - Sep 11, 1988 Ivan Lendl
56%
Jan 30, 1989 - Aug 12, 1990 Ivan Lendl
56%
Jul 29, 1974 - Aug 22, 1977 Jimmy Connors
56%
May 21, 1979 - Jul 8, 1979 Jimmy Connors
56%
Mar 3, 1980 - Mar 23, 1980 John McEnroe
56%
Jul 6, 1981 - Jul 19, 1981 John McEnroe
56%
Aug 3, 1981 - Sep 12, 1982 John McEnroe
56%
Nov 15, 1982 - Jan 30, 1983 John McEnroe
56%
Feb 7, 1983 - Feb 13, 1983 John McEnroe
56%
Sep 13, 1993 - Apr 9, 1995 Pete Sampras
56%
Sep 11, 2000 - Nov 19, 2000 Pete Sampras
56%
Sep 13, 1999 - Sep 10, 2000 Andre Agassi
52%
Aug 23, 1977 - Aug 29, 1977 Bjorn Borg
52%
Oct 31, 1983 - Dec 11, 1983 Ivan Lendl
52%
Jan 9, 1984 - Mar 11, 1984 Ivan Lendl
52%
Jun 11, 1984 - Jun 17, 1984 Ivan Lendl
52%
Jul 9, 1984 - Aug 12, 1984 Ivan Lendl
52%
Aug 19, 1985 - Aug 25, 1985 Ivan Lendl
52%
Sep 13, 1982 - Oct 31, 1982 Jimmy Connors
52%
Nov 8, 1982 - Nov 14, 1982 Jimmy Connors
52%
Jan 31, 1983 - Feb 6, 1983 Jimmy Connors
52%
Feb 14, 1983 - Feb 27, 1983 Jimmy Connors
52%
May 16, 1983 - Jun 5, 1983 Jimmy Connors
52%
Jun 13, 1983 - Jul 3, 1983 Jimmy Connors
52%
Aug 11, 1980 - Aug 17, 1980 John McEnroe
52%
Jun 6, 1983 - Jun 12, 1983 John McEnroe
52%
Jul 4, 1983 - Oct 30, 1983 John McEnroe
52%
Dec 11, 1983 - Jan 8, 1984 John McEnroe
52%
Mar 12, 1984 - Jun 10, 1984 John McEnroe
52%
Jun 18, 1984 - Jul 8, 1984 John McEnroe
52%
Aug 13, 1984 - Aug 18, 1985 John McEnroe
52%
Aug 26, 1985 - Sep 8, 1985 John McEnroe
52%
Apr 12, 1993 - Aug 22, 1993 Pete Sampras
52%
Jun 16, 2003 - Sep 7, 2003 Andre Agassi
48%
Jan 28, 1991 - Feb 17, 1991 Boris Becker
48%
Jul 8, 1991 - Sep 8, 1991 Boris Becker
48%
Sep 12, 1988, Jan 29, 1989 Mats Wilander
48%
Aug 2, 1999 - Sep 12, 1999 Pete Sampras
48%
Aug 13, 1990 - Jan 27, 1991 Stefan Edberg
48%
Feb 18, 1991 - Jul 7, 1991 Stefan Edberg
48%
Sep 9, 1991 - Feb 9, 1992 Stefan Edberg
48%
Sep 14, 1992 - Oct 4, 1992 Stefan Edberg
48%
Apr 28, 2003 - May 11, 2003 Andre Agassi
44%
Dec 4, 2000 - Jan 28, 2001 Gustavo Kuerten
44%
Apr 23, 2001 - Nov 18, 2001 Gustavo Kuerten
44%
Feb 28, 1983 - May 15, 1983 Ivan Lendl
44%
Oct 5, 1992 - Apr 11, 1993 Jim Courier
44%
Aug 23, 1993 - Sep 12, 1993 Jim Courier
44%
Jun 3, 1974 - Jul 28, 1974 John Newcombe
44%
Nov 19, 2001 - Apr 27, 2003 Lleyton Hewitt
44%
May 12, 2003 - Jun 15, 2003 Lleyton Hewitt
44%
Mar 23, 1992 - Apr 12, 1992 Stefan Edberg
44%
Feb 26, 2001 - Apr 1, 2001 Gustavo Kuerten
41%
Apr 13, 1992 - Sep 13, 1992 Jim Courier
41%
Feb 10, 1992 - Mar 22, 1992 Jim Courier
37%
Sep 8, 2003 - Nov 2, 2003 Juan Carlos Ferrero
37%
Apr 2, 2001 - Apr 22, 2001 Marat Safin
37%
Mar 30, 1998 - Apr 26, 1998 Marcelo Rios
33%
Jul 26, 1999 - Aug 1, 1999 Patrick Rafter
33%
Feb 12, 1996 - Feb 18, 1996 Thomas Muster
33%
May 3, 1999 - Jun 13, 1999 Yevgeny Kafelnikov
33%
Nov 20, 2000 - Dec 3, 2000 Marat Safin
30%
Jan 29, 2001 - Feb 25, 2001 Marat Safin
30%
Aug 10, 1998 - Aug 23, 1998 Marcelo Rios
30%
Mar 11, 1996 - Apr 14, 1996 Thomas Muster
30%
Mar 15, 1999 - Mar 28, 1999 Carlos Moya
22%
No matching quizzes found
Score Distribution
Percent of People with Each Score
Percentile by Number Answered
Your Score History
You have not taken this quiz